<?xml version="1.0" encoding="UTF-8"?>
<record
    xmlns:xsi="http://www.w3.org/2001/XMLSchema-instance"
    xsi:schemaLocation="http://www.loc.gov/MARC21/slim http://www.loc.gov/standards/marcxml/schema/MARC21slim.xsd"
    xmlns="http://www.loc.gov/MARC21/slim">

  <leader>00542nam a22001337a 4500</leader>
  <controlfield tag="008">230405b        |||||||| |||| 00| 0 eng d</controlfield>
  <datafield tag="040" ind1=" " ind2=" ">
    <subfield code="a">National Science Library</subfield>
    <subfield code="c">National Science Library</subfield>
  </datafield>
  <datafield tag="080" ind1=" " ind2=" ">
    <subfield code="a">061.1045:338</subfield>
    <subfield code="b">K9</subfield>
  </datafield>
  <datafield tag="245" ind1=" " ind2=" ">
    <subfield code="a">Report of the industrial licensing policy inquiry committee </subfield>
    <subfield code="c">/ GOI Department of Industrial Development</subfield>
  </datafield>
  <datafield tag="260" ind1=" " ind2=" ">
    <subfield code="a">Delhi: </subfield>
    <subfield code="b">GOI Department of Industrial Development, </subfield>
    <subfield code="c">1969</subfield>
  </datafield>
  <datafield tag="500" ind1=" " ind2=" ">
    <subfield code="a">Appendices Vol. 1 1p.- 66p.
Appendices Vol. 2 1p.- 138p.
</subfield>
  </datafield>
  <datafield tag="650" ind1=" " ind2=" ">
    <subfield code="a">Industrial licensing </subfield>
  </datafield>
  <datafield tag="942" ind1=" " ind2=" ">
    <subfield code="2">udc</subfield>
    <subfield code="c">REP</subfield>
  </datafield>
  <datafield tag="999" ind1=" " ind2=" ">
    <subfield code="c">18457</subfield>
    <subfield code="d">18457</subfield>
  </datafield>
  <datafield tag="952" ind1=" " ind2=" ">
    <subfield code="0">0</subfield>
    <subfield code="1">0</subfield>
    <subfield code="2">udc</subfield>
    <subfield code="4">0</subfield>
    <subfield code="6">0611045338_K9</subfield>
    <subfield code="7">0</subfield>
    <subfield code="9">27311</subfield>
    <subfield code="a">NSL</subfield>
    <subfield code="b">NSL</subfield>
    <subfield code="c">GF/Rk-4/C-23/R-2</subfield>
    <subfield code="d">1974-03-19</subfield>
    <subfield code="h">Appendices Vol. 1 1p.- 66p. </subfield>
    <subfield code="l">0</subfield>
    <subfield code="o">061.1045:338 K9</subfield>
    <subfield code="p">45114</subfield>
    <subfield code="r">2023-04-05 00:00:00</subfield>
    <subfield code="w">1976-03-19</subfield>
    <subfield code="y">REP</subfield>
  </datafield>
  <datafield tag="952" ind1=" " ind2=" ">
    <subfield code="0">0</subfield>
    <subfield code="1">0</subfield>
    <subfield code="2">udc</subfield>
    <subfield code="4">0</subfield>
    <subfield code="6">0611045338</subfield>
    <subfield code="7">0</subfield>
    <subfield code="9">27314</subfield>
    <subfield code="a">NSL</subfield>
    <subfield code="b">NSL</subfield>
    <subfield code="c">GF/Rk-4/C-23/R-2</subfield>
    <subfield code="d">1974-03-19</subfield>
    <subfield code="h">Appendices Vol. 2 1p.- 138p.</subfield>
    <subfield code="l">0</subfield>
    <subfield code="o">061.1045:338</subfield>
    <subfield code="p">45115</subfield>
    <subfield code="r">2023-04-05 00:00:00</subfield>
    <subfield code="w">1976-03-19</subfield>
    <subfield code="y">REP</subfield>
  </datafield>
</record>
